00373nam a22001337a 450000500170000002000190001703500130003603700130004910000180006224500860008026000260016630000250019270000220021720120519125218.0 a0582455766c00 aA-839466 aDPLbENG aMilner, Chris aAn introduction to international economics /cby Chris Milner and David Greenaway aLondonbLongmanc1979 aviii, 264p.c18 cms. aGreenaway, David